Statistiken für Stadt zu Land #20

Klicken Sie hier um das Quiz zu spielen!

Allgemein

  • Dieses Quiz wurde 84 mal gespielt
  • Das Durchschnittsergebnis liegt bei 11 aus 15

Antwortstatistiken

StadtLand% Korrekt
ShanghaiChina
100%
MaastrichtNiederlande
96%
WinnipegKanada
96%
MarrakeschMarokko
94%
MontpellierFrankreich
94%
TrondheimNorwegen
94%
PretoriaSüdafrika
90%
AlexandriaÄgypten
90%
TijuanaMexiko
76%
MontpelierVereinigte Staaten
68%
Karlovy VaryTschechien
63%
SamaraRussland
62%
MaputoMosambik
54%
Banska BystricaSlowakei
41%
CebuPhilippinen
22%

Verteilung der Resultate

Perzentil nach korrekt beantworteten Fragen

Anzahl Personen mit jedem Resultat

Ihre Resultats-Entwicklung

Sie haben dieses Quiz noch nicht gespielt